00799nam a2200217Ii 45000010005000000030009000050080041000140400033000550410008000880820023000961100044001192450047001632640061002103000012002713360026002833370028003093380027003379400050003649990017004149520150004312559CO-ViMGA241108s9999||||xx |||||||||||||| ||und|| aCO-ViMGAbspaerdacCO-ViMGA0 aspa04aFA 342.8603 - C65c1 aColombia: Ministerio de Gobierno91983510aConstitución Política de Colombia 1886 1aBogotá, Colombia : Imprenta Nacional de Colombia, 1990 avolumen atextbtxt2rdacontent aunmediatedbn2rdamedia avolumebnc2rdacarrier aidficha_siabuc: 2502. -- ficha_no_siabuc:2559 c47973d47973 001040708FDArangoaMEVIGERRbMEVIGERRcLOCALd2006-08-01oFA 342.8603 - C65cpECA17067r2024-11-26 09:37:46tEj.1w2024-11-26yBKz2502 | 3036